[Event "HUN-chT2 Barcza 1415"]
[Site "Hungary"]
[Date "2015.03.01"]
[Round "9.12"]
[White "Csatari, Laszlo"]
[Black "Baranyai, Antal"]
[Result "1-0"]
[WhiteElo "1611"]
[BlackElo "1508"]
[PlyCount "91"]
[EventDate "2014.09.07"]
[EventType "team-tourn"]
[EventRounds "11"]
[EventCountry "HUN"]
[SourceTitle "EXT 2016"]
[Source "ChessBase"]
[SourceDate "2015.10.08"]
[SourceVersion "1"]
[SourceVersionDate "2015.10.08"]
[SourceQuality "1"]
[WhiteTeam "Debrecen Sakkbaratok"]
[BlackTeam "Nadudvar"]
[WhiteTeamCountry "HUN"]
[BlackTeamCountry "HUN"]

1. e4 e5 2. Nf3 Nc6 3. Bc4 d6 4. d4 exd4 5. Nxd4 Bd7 6. 0-0 Nf6 7. Nc3 a6 8. a4 Be7 9. h3 0-0 10. Be3 Nxd4 11. Bxd4 Be6 12. Bxe6 fxe6 13. e5 dxe5 14. Bxe5 Qxd1 15. Raxd1 c6 16. Rfe1 Kf7 17. Bxf6 gxf6 18. Rd7 b5 19. axb5 cxb5 20. Nd5 Rae8 21. Nc7 Rd8 22. Red1 Rxd7 23. Rxd7 Rd8 24. Rxd8 Bxd8 25. Nxa6 Be7 26. Nc7 b4 27. Kf1 f5 28. Ke2 h5 29. Kd3 h4 30. Kc4 Kf6 31. Na6 Kg5 32. Nxb4 Kf4 33. Nd3+ Ke4 34. b4 f4 35. Ne1 Bf6 36. Nf3 e5 37. Nd2+ Kf5 38. f3 Ke6 39. Ne4 Be7 40. b5 Bf8 41. b6 Kd7 42. Kd5 Bg7 43. Nc5+ Kc8 44. b7+ Kb8 45. Kc6 Ka7 46. Kc7 1-0

[Event "HUN-chT2 Barcza 1314"]
[Site "Hungary"]
[Date "2014.04.13"]
[Round "10"]
[White "Baranyai, Antal"]
[Black "Gocza, Adam"]
[Result "0-1"]
[WhiteElo "1560"]
[BlackElo "1508"]
[PlyCount "116"]
[EventDate "2013.09.08"]
[EventType "team-tourn"]
[EventRounds "11"]
[EventCountry "HUN"]
[SourceTitle "EXT 2016"]
[Source "ChessBase"]
[SourceDate "2015.10.08"]
[SourceVersion "1"]
[SourceVersionDate "2015.10.08"]
[SourceQuality "1"]
[WhiteTeam "Nadudvar"]
[BlackTeam "Nyiregyhaza"]
[WhiteTeamCountry "HUN"]
[BlackTeamCountry "HUN"]

1. e4 c6 2. d4 d5 3. e5 Bf5 4. f4 e6 5. Nf3 Nd7 6. Be2 c5 7. c3 Rc8 8. Be3 Qb6 9. Qd2 f6 10. 0-0 a6 11. Kh1 Qc7 12. a4 a5 13. Bb5 c4 14. Qe2 Bd3 15. Qf2 Bxf1 16. Qxf1 Be7 17. Qe2 Nh6 18. h3 0-0 19. Nbd2 Nf5 20. Bf2 fxe5 21. fxe5 Nh6 22. Nf1 Nb8 23. Be3 Nf7 24. Ng3 Nc6 25. Nh5 Qd8 26. Nf4 Qd7 27. Nh2 Bg5 28. Qg4 Bxf4 29. Bxf4 Nh8 30. Nf3 Qf7 31. Be3 Qf5 32. Qg3 Ng6 33. Rc1 Nge7 34. Nh4 Qf7 35. Qg4 Ng6 36. Nf3 Qf5 37. Qg3 Rce8 38. Kg1 Qd3 39. Qe1 Nf4 40. Bxf4 Rxf4 41. Rd1 Qe4 42. Qd2 Rff8 43. Ng5 Qg6 44. Kh2 h6 45. Nf3 Rf7 46. Nh4 Qe4 47. Nf3 Ref8 48. Kg1 Qg6 49. Nh4 Qg3 50. Bxc6 bxc6 51. b4 cxb3 52. c4 Qxh4 53. Qxa5 Qf2+ 54. Kh2 b2 55. cxd5 Qc2 56. dxe6 Rf2 57. Rg1 b1Q 58. Qc5 Qxg1+ 0-1

[Event "HUN-chT2 Barcza 1213"]
[Site "Hungary"]
[Date "2012.12.02"]
[Round "5.10"]
[White "Kiss, Ferenc"]
[Black "Baranyai, Antal"]
[Result "1-0"]
[WhiteElo "1945"]
[BlackElo "1656"]
[PlyCount "113"]
[EventDate "2012.09.16"]
[EventType "team-tourn"]
[EventRounds "11"]
[EventCountry "HUN"]
[SourceTitle "EXT 2014"]
[Source "ChessBase"]
[SourceDate "2013.11.20"]
[SourceVersion "1"]
[SourceVersionDate "2013.11.20"]
[SourceQuality "1"]
[WhiteTeam "Hajduboszormeny"]
[BlackTeam "Nadudvar"]
[WhiteTeamCountry "HUN"]
[BlackTeamCountry "HUN"]

1. e4 e5 2. Nf3 Nc6 3. d4 exd4 4. Nxd4 Qf6 5. Be3 a6 6. Nc3 Bb4 7. Qd2 Nge7 8. 0-0-0 d6 9. Kb1 Bd7 10. a3 Ba5 11. h3 h6 12. f3 0-0-0 13. b4 Bb6 14. Nxc6 Bxc6 15. Bxb6 cxb6 16. Nd5 Nxd5 17. exd5 Ba4 18. Bd3 Kb8 19. Rhe1 Rc8 20. Re4 Rc7 21. Rf4 Qe5 22. Rf5 Qg3 23. Rc1 f6 24. Rf4 Rhc8 25. Bf5 Rc4 26. Rxc4 Rxc4 27. Re1 Ka7 28. c3 Qg5 29. Qxg5 hxg5 30. Kb2 Rf4 31. Bg6 a5 32. Re7 f5 33. Rf7 Bb5 34. Rxf5 Rxf5 35. Bxf5 Bc4 36. Be4 Bf1 37. g4 Bxh3 38. Bd3 Kb8 39. Kc2 Kc7 40. Kd2 Kd7 41. Ke2 Ke7 42. Kf2 Kf6 43. Kg3 Ke5 44. Kxh3 Kxd5 45. Kg3 axb4 46. axb4 Ke5 47. Kf2 d5 48. Ke3 Ke6 49. Kd4 Kd6 50. Bf5 b5 51. Bc8 b6 52. Ba6 Kc6 53. Ke5 g6 54. Kf6 d4 55. cxd4 Kd5 56. Bxb5 Kxd4 57. Bc6 1-0

[Event "HUN-chT2 Barcza 1112 "]
[Site "Hungary"]
[Date "2011.11.27"]
[Round "4"]
[White "Baranyai, Antal"]
[Black "Gyorffy, Peter Pal"]
[Result "1-0"]
[WhiteElo "1737"]
[BlackElo "1575"]
[PlyCount "131"]
[EventDate "2011.09.25"]
[EventType "team-tourn"]
[EventRounds "11"]
[EventCountry "HUN"]
[SourceTitle "EXT 2013"]
[Source "ChessBase"]
[SourceDate "2012.11.22"]
[SourceVersion "1"]
[SourceVersionDate "2012.11.22"]
[SourceQuality "1"]
[WhiteTeam "Nadudvar"]
[BlackTeam "DEAC"]
[WhiteTeamCountry "HUN"]
[BlackTeamCountry "HUN"]

1. e4 g6 2. f4 Bg7 3. Nf3 c5 4. Bc4 Nc6 5. c3 d6 6. 0-0 Nf6 7. Re1 0-0 8. Qe2 d5 9. exd5 Nxd5 10. d3 e6 11. Qe4 b6 12. Ne5 Nxe5 13. fxe5 Bb7 14. Qg4 Qc7 15. Qg3 Rfd8 16. Nd2 Ne7 17. Nf3 Bxf3 18. gxf3 Nc6 19. f4 Na5 20. Bb3 Nxb3 21. axb3 Qd7 22. Re3 Qb5 23. Ra3 Rd7 24. c4 Qc6 25. Kf2 a5 26. Bd2 Rad8 27. Ke2 Qh1 28. Be1 Qc6 29. Ra1 Ra8 30. Rd1 a4 31. b4 Bf8 32. b5 Qc8 33. Ra1 Rda7 34. h4 a3 35. Rxa3 Rxa3 36. bxa3 Rxa3 37. h5 Qb7 38. hxg6 fxg6 39. Qh3 Qf7 40. Rf3 Qf5 41. Qxf5 gxf5 42. Rg3+ Kf7 43. Rh3 Kg6 44. Bh4 Ra8 45. Bf6 Rb8 46. Rg3+ Kf7 47. Ke3 Ra8 48. Rg5 Bh6 49. Rg2 Bf8 50. Rh2 Kg6 51. Bg5 Bg7 52. Be7 Re8 53. Bd6 Ra8 54. Bc7 Ra1 55. Bxb6 Bf8 56. Bd8 Ra8 57. Bc7 Be7 58. Rb2 Bd8 59. b6 Bxc7 60. bxc7 Rc8 61. Rb7 Kf7 62. d4 cxd4+ 63. Kxd4 Ke7 64. Kc5 Kd7 65. Kb6 Rg8 66. c5 1-0

[Event "HUN-chT2 Toth 1011"]
[Site "Hungary"]
[Date "2011.05.15"]
[Round "11.7"]
[White "Baranyai, Antal"]
[Black "Diamant, Tibor"]
[Result "1-0"]
[WhiteElo "1758"]
[BlackElo "2152"]
[PlyCount "63"]
[EventDate "2010.09.12"]
[EventType "team-tourn"]
[EventRounds "11"]
[EventCountry "HUN"]
[SourceTitle "EXT 2012"]
[Source "ChessBase"]
[SourceDate "2011.11.24"]
[SourceVersion "1"]
[SourceVersionDate "2011.11.24"]
[SourceQuality "1"]
[WhiteTeam "Nadudvar"]
[BlackTeam "Mako"]
[WhiteTeamCountry "HUN"]
[BlackTeamCountry "HUN"]

1. e4 c5 2. Nf3 Nc6 3. Bc4 g6 4. 0-0 Bg7 5. c3 d6 6. d4 cxd4 7. cxd4 Qb6 8. Nc3 Bg4 9. Bxf7+ Kxf7 10. Ng5+ Ke8 11. Qxg4 Nf6 12. Qe6 Nd8 13. Qc4 Qc6 14. Qb3 h6 15. Ne6 Nxe6 16. Qxe6 Qd7 17. Qb3 Kd8 18. f3 Rf8 19. Be3 b6 20. d5 Kc7 21. Nb5+ Kb7 22. Nd4 Qe8 23. Ne6 Rg8 24. Rac1 Nd7 25. Rc7+ Kb8 26. Rfc1 Nc5 27. Bxc5 dxc5 28. Nxg7 Rxg7 29. R1xc5 Rg8 30. R5c6 Qd8 31. Qc4 h5 32. a4 1-0

[Event "HUN-chT2 Toth 1011"]
[Site "Hungary"]
[Date "2010.11.07"]
[Round "5.8"]
[White "Nyoger, Istvan"]
[Black "Baranyai, Antal"]
[Result "1-0"]
[WhiteElo "1871"]
[BlackElo "1758"]
[PlyCount "101"]
[EventDate "2010.09.12"]
[EventType "team-tourn"]
[EventRounds "11"]
[EventCountry "HUN"]
[SourceTitle "EXT 2012"]
[Source "ChessBase"]
[SourceDate "2011.11.24"]
[SourceVersion "1"]
[SourceVersionDate "2011.11.24"]
[SourceQuality "1"]
[WhiteTeam "Maroczy II"]
[BlackTeam "Nadudvar"]
[WhiteTeamCountry "HUN"]
[BlackTeamCountry "HUN"]

1. b4 Nf6 2. Bb2 e5 3. b5 d5 4. Bxe5 Nbd7 5. Bxf6 Nxf6 6. Nf3 Bd6 7. d4 0-0 8. e3 Re8 9. Bd3 Bg4 10. 0-0 Ne4 11. h3 Bxf3 12. Qxf3 Re6 13. c4 Ng5 14. Qxd5 c6 15. Qf5 Qf6 16. h4 Qxf5 17. Bxf5 Rh6 18. hxg5 Rh5 19. f4 h6 20. Bg4 Rh4 21. Bf3 hxg5 22. g3 Rh6 23. Nc3 gxf4 24. gxf4 Bb4 25. Ne4 cxb5 26. Rab1 a5 27. cxb5 Re8 28. Rb3 b6 29. a3 Bf8 30. Rc3 Rhe6 31. Kf2 f6 32. Ng3 g5 33. Bd5 gxf4 34. exf4 Kg7 35. Bxe6 Rxe6 36. Rc7+ Kg8 37. a4 Bd6 38. Rc6 Kf7 39. Kf3 Bb4 40. Rxe6 Kxe6 41. Ke4 Bd2 42. Rd1 Bb4 43. Rc1 Kd7 44. Rc6 Be7 45. Rxb6 Bd8 46. Rc6 Be7 47. Kf5 Bd6 48. Ne4 Bb4 49. Nxf6+ Kd8 50. b6 Be7 51. b7 1-0

[Event "HUN-chT2 Toth 1011"]
[Site "Hungary"]
[Date "2010.10.10"]
[Round "3.9"]
[White "Csomos, Janos"]
[Black "Baranyai, Antal"]
[Result "1-0"]
[WhiteElo "1886"]
[BlackElo "1758"]
[PlyCount "81"]
[EventDate "2010.09.12"]
[EventType "team-tourn"]
[EventRounds "11"]
[EventCountry "HUN"]
[SourceTitle "EXT 2012"]
[Source "ChessBase"]
[SourceDate "2011.11.24"]
[SourceVersion "1"]
[SourceVersionDate "2011.11.24"]
[SourceQuality "1"]
[WhiteTeam "Gyula"]
[BlackTeam "Nadudvar"]
[WhiteTeamCountry "HUN"]
[BlackTeamCountry "HUN"]

1. d4 d5 2. c4 Nf6 3. cxd5 Qxd5 4. Nc3 Qa5 5. Bd2 c6 6. Ne4 Qf5 7. Ng3 Qd5 8. e3 Nbd7 9. Nf3 e6 10. Bd3 Nb6 11. 0-0 Be7 12. Qc2 h6 13. a4 a5 14. Rac1 0-0 15. Ne2 Kh8 16. Rfd1 Qd8 17. e4 Nbd7 18. h3 Re8 19. Be3 Rf8 20. Bc4 Qe8 21. Ba2 Bb4 22. Bb1 e5 23. dxe5 Nxe5 24. Nxe5 Qxe5 25. f4 Qh5 26. e5 g6 27. exf6 Bf5 28. Qc4 Be6 29. Qd3 Bf5 30. Ng3 Bxd3 31. Nxh5 Bxb1 32. Rxb1 gxh5 33. Bb6 Ra6 34. Bc7 Re8 35. Be5 Kh7 36. Rd7 Kg6 37. Rxb7 Rd8 38. Rf1 Rf8 39. Rf3 Kf5 40. Rg3 Ke6 41. Rg7 1-0

[Event "HUN-chT2 Toth 0910"]
[Site "Hungary"]
[Date "2009.12.20"]
[Round "4.10"]
[White "Baranyai, Antal"]
[Black "Csak, Janos"]
[Result "0-1"]
[WhiteElo "1776"]
[BlackElo "1812"]
[PlyCount "70"]
[EventDate "2009.11.08"]
[EventType "team-tourn"]
[EventRounds "11"]
[EventCountry "HUN"]
[SourceTitle "EXT 2011"]
[Source "ChessBase"]
[SourceDate "2010.11.26"]
[SourceVersion "1"]
[SourceVersionDate "2010.11.26"]
[SourceQuality "1"]
[WhiteTeam "Nadudvar"]
[BlackTeam "Mezobereny"]
[WhiteTeamCountry "HUN"]
[BlackTeamCountry "HUN"]

1. e4 e5 2. Nf3 d6 3. Nc3 Be7 4. Bc4 Nf6 5. 0-0 0-0 6. h3 h6 7. Re1 Nc6 8. a4 Nd4 9. Nd5 Be6 10. c3 Nxf3+ 11. Qxf3 Nxd5 12. exd5 Bd7 13. b4 f5 14. d3 Bg5 15. b5 Qf6 16. Ba3 Bd2 17. Re2 Bxc3 18. Rb1 b6 19. Bc1 Rae8 20. Bb2 Bxb2 21. Rbxb2 e4 22. dxe4 Rxe4 23. Qb3 Rfe8 24. Rec2 Bc8 25. Rb1 Re1+ 26. Rxe1 Rxe1+ 27. Bf1 Qa1 28. Qc4 Kh7 29. g3 Qd1 30. Kg2 Bb7 31. Qd3 Bxd5+ 32. f3 Rxf1 33. Qxf5+ Kh8 34. Qf8+ Bg8 35. h4 Rh1 0-1

[Event "HUN-chT2 Toth 0809"]
[Site "Hungary"]
[Date "2009.01.11"]
[Round "5.10"]
[White "Baranyai, Antal"]
[Black "Nyoger, Istvan"]
[Result "0-1"]
[WhiteElo "1800"]
[BlackElo "1861"]
[PlyCount "82"]
[EventDate "2008.10.26"]
[EventType "team-tourn"]
[EventRounds "11"]
[EventCountry "HUN"]
[SourceTitle "EXT 2010"]
[Source "ChessBase"]
[SourceDate "2010.11.25"]
[SourceVersion "1"]
[SourceVersionDate "2010.11.25"]
[SourceQuality "1"]
[WhiteTeam "Nadudvar"]
[BlackTeam "Maroczy II"]
[WhiteTeamCountry "HUN"]
[BlackTeamCountry "HUN"]

1. e4 c5 2. Nf3 Nc6 3. Bc4 Nf6 4. d3 e6 5. Bg5 Be7 6. Nbd2 d5 7. exd5 exd5 8. Bb5 Bd7 9. 0-0 0-0 10. Re1 Qc7 11. c3 Rfe8 12. Nf1 h6 13. Bh4 Rad8 14. Qc2 Qb6 15. Ba4 d4 16. Bxc6 Bxc6 17. Ne5 Bd5 18. c4 Be6 19. f3 Qc7 20. Re2 g5 21. Bg3 Bd6 22. Rae1 Bf5 23. Qd1 Nh5 24. Ng4 Rxe2 25. Qxe2 Nxg3 26. Nxh6+ Kh7 27. Nxg3 Bxg3 28. Nxf5 Bxe1 29. Qxe1 Qd7 30. Qe5 Kg6 31. g4 f6 32. Qxc5 b6 33. Qa3 Re8 34. Kf2 Qe6 35. Ng3 Qe3+ 36. Kg2 Qd2+ 37. Kh3 Qf4 38. Kg2 Re3 39. Qf8 Qxf3+ 40. Kg1 Re1+ 41. Nf1 Rxf1# 0-1